00492nam a2200181 a 4500001001300000003000900013005001700022008004100039020001000080082001600090100002500106245005100131260004900182300000900231500003500240505001000275700002500285nice12345678IN_TiNIC20260116012745.0050524s1988 newa grp 000 0 eng  ac10000a297.82bNAS aNasr, Seyyed Hossein aShi Ismb Doctrines, Thought, and Spirituality aNew YorkbState University of New Yorkc1988 a401p aincludes index and biblioraphy2 aIndex1 aNasr, Seyyed Hossein